Sports Quiz

Random Sports or NFL Quiz
Score 0/28 Timer 09:00
0 Plays Today
Pick Player % Correct
1John Elway
97.9%
2Eric Dickerson
79.9%
27Dan Marino
78.3%
14Jim Kelly
70%
15Tony Eason
67%
7Todd Blackledge
63.3%
24Ken O'Brien
61.1%
3Curt Warner
57.6%
28Darrell Green
42.4%
4Chris Hinton
40.2%
18Willie Gault
30.3%
6Jim Covert
29%
9Bruce Matthews
29%
21Gabe Rivera
26.8%
Pick Player % Correct
5Billy Ray Smith
26%
8Michael Haddix
21.7%
19Joey Browner
21.4%
23Jim Jeffcoat
20.4%
10Terry Kinard
19.8%
26Don Mosebar
19.6%
22Gill Byrd
16.9%
11Tim Lewis
16.1%
12Tony Hunter
16.1%
25Dave Rimington
14.2%
13James Jones
13.9%
20Gary Anderson
13.4%
17Leonard Smith
11.8%
16Mike Pitts
10.5%
Come Together.
Have Fun.
All Virtual.
We all need to come together. Play Sporcle's virtual live trivia to have fun, connect with people, and get your trivia on. Join a live hosted trivia game for your favorite pub trivia experience done virtually. If a virtual private party is more your thing, go here for details.

You're not logged in!

Compare scores with friends on all Sporcle quizzes.
OR
Log In

Sporcle TV

Today on Sporcle TV


Watch our educational content, quiz creation guides, and fun videos on Sporcle TV.

Show Comments

Extras

Top Quizzes Today


Score Distribution

Paid Content

Your Account Isn't Verified!

In order to create a playlist on Sporcle, you need to verify the email address you used during registration. Go to your Sporcle Settings to finish the process.

Report this User

Report this user for behavior that violates our Community Guidelines.

Details: